Multicultural education the magazine of the National Association for Multicultural Education.

Detalles Bibliográficos
Autor Corporativo: National Association for Multicultural Education
Formato: Electrónico Revista
Lenguaje:inglés
Publicado: San Francisco, Calif. : Caddo Gap Press, c1993-
Materias:
Acceso en línea:Full text available from Research Library: 04/01/1999 to present

MARC

LEADER 00000nas a2200000 a 4500
001 ssj0012127
003 WaSeSS
005 20200512172242.0
006 m d
007 cr n
008 930304c19939999miuqr p s 0 a0eng c
010 |a  93664270   |z sn 93003806  
016 7 |a 1375458-0  |2 DE-600 
016 7 |a 012412844  |2 Uk 
022 |l 1068-3844  |y 1068-3844 
030 |a MUEDF2 
035 |a (WaSeSS)ssj0012127 
040 |a NSD  |b eng  |c NSD  |d DLC  |d EYM  |d WAU  |d IUL  |d CAS  |d IUL  |d GUA  |d OCLCQ  |d DEBBG  |d UKMGB  |d OCLCQ  |d OCLCF  |d OCLCO  |d GILDS  |d OCLCO  |d TCJ  |d BOS  |d OCLCO  |d U3G  |d OCLCA  |d OCLCO  |d UKBTH  |d OCLCO  |d HUL  |d WaSeSS 
042 |a nsdp  |a pcc 
043 |a n-us--- 
050 0 0 |a LC1099.3  |b .M82 
082 0 0 |a 370.19/6/0973  |2 20 
130 0 |a Multicultural education (San Francisco, Calif.) 
210 0 |a Multicult. educ.  |b (San Fran. Calif.) 
222 0 |a Multicultural education  |b (San Francisco, Calif.) 
245 1 0 |a Multicultural education  |h [electronic resource] :  |b the magazine of the National Association for Multicultural Education. 
260 |a San Francisco, Calif. :  |b Caddo Gap Press,  |c c1993- 
310 |a Quarterly 
362 0 |a Vol. 1, no. 1 (summer 1993)- 
500 |a Title from cover. 
500 |a Published: Ann Arbor, Mich., 1997- 
506 |a License restrictions may limit access. 
588 |a Latest issue consulted: Vol. 4, no. 4 (summer 1997). 
650 0 |a Multicultural education  |z United States  |v Periodicals. 
650 7 |a Multicultural education.  |2 fast  |0 (OCoLC)fst01028816 
650 7 |a Interkulturelle Erziehung  |2 gnd 
650 7 |a Zeitschrift  |2 gnd 
651 7 |a United States.  |2 fast  |0 (OCoLC)fst01204155 
655 0 |a Electronic journals. 
710 2 |a National Association for Multicultural Education. 
850 |a DLC  |a GU  |a InU  |a MiU  |a WaU 
856 4 0 |z Full text available from Research Library: 04/01/1999 to present  |u https://search.proquest.com/publication/33246